[Event "NRW Class2 1314"]
[Site "Germany"]
[Date "2014.01.12"]
[Round "5.2"]
[White "Matthias, Heiner"]
[Black "Hobusch, Alexander"]
[Result "1-0"]
[WhiteElo "2311"]
[BlackElo "2187"]
[PlyCount "43"]
[EventDate "2013.09.15"]
[EventType "team-tourn"]
[EventRounds "9"]
[EventCountry "GER"]
[SourceTitle "EXT 2015"]
[Source "ChessBase"]
[SourceDate "2014.11.20"]
[SourceVersion "1"]
[SourceVersionDate "2014.11.20"]
[SourceQuality "1"]
[WhiteTeam "Lippstadt Turm"]
[BlackTeam "Solingen III"]
[WhiteTeamCountry "GER"]
[BlackTeamCountry "GER"]

1. d4 d5 2. Nf3 Nf6 3. e3 c5 4. dxc5 Qa5+ 5. Nbd2 Qxc5 6. a3 Bg4 7. b4 Qc7 8. Bb2 Nbd7 9. c4 dxc4 10. Bxc4 e6 11. Rc1 Qd8 12. h3 Bxf3 13. Qxf3 Be7 14. Qxb7 0-0 15. Nb3 a5 16. Nxa5 Nc5 17. Qf3 Rxa5 18. bxa5 Qxa5+ 19. Bc3 Qxa3 20. 0-0 Nce4 21. Bxf6 Nd2 22. Qd1 1-0

[Event "NRW Class1 1213"]
[Site "Germany"]
[Date "2013.03.10"]
[Round "7.2"]
[White "Steiner, Karl"]
[Black "Matthias, Heiner"]
[Result "0-1"]
[WhiteElo "1984"]
[BlackElo "2320"]
[PlyCount "88"]
[EventDate "2012.09.16"]
[EventType "team-tourn"]
[EventRounds "9"]
[EventCountry "GER"]
[SourceTitle "EXT 2017"]
[Source "ChessBase"]
[SourceDate "2016.10.25"]
[SourceVersion "1"]
[SourceVersionDate "2016.10.25"]
[SourceQuality "1"]
[WhiteTeam "Bocholt"]
[BlackTeam "Lippstadt Turm"]
[WhiteTeamCountry "GER"]
[BlackTeamCountry "GER"]

1. e4 c5 2. Nc3 Nc6 3. Nf3 d6 4. Bb5 e5 5. Bxc6+ bxc6 6. d3 g6 7. 0-0 Bg7 8. Ne1 Ne7 9. f4 exf4 10. Bxf4 0-0 11. Qd2 f5 12. Bh6 Bxh6 13. Qxh6 Qb6 14. Nf3 Rf7 15. Rab1 d5 16. exd5 cxd5 17. Rfe1 Qd6 18. Re5 Bd7 19. Rbe1 d4 20. Rxe7 Rxe7 21. Rxe7 Qxe7 22. Nd5 Qf7 23. Nf4 Re8 24. h4 Qg7 25. Qg5 Bc6 26. Nd2 Qe7 27. Qxe7 Rxe7 28. Kf2 Rb7 29. Nc4 Rb8 30. b3 Bb5 31. Nd6 Bd7 32. Nd5 Be6 33. Nf6+ Kf8 34. Nxh7+ Ke7 35. Nc4 Bxc4 36. dxc4 Rh8 37. Ng5 Rxh4 38. Nf3 Re4 39. Ne1 Kd6 40. Nd3 g5 41. Kf3 Re3+ 42. Kf2 f4 43. a3 a5 44. Nb2 Rc3 0-1

[Event "NRW Class2 1112"]
[Site "Germany"]
[Date "2012.02.05"]
[Round "6.2"]
[White "Matthias, Heiner"]
[Black "Bluebaum, Matthias"]
[Result "1-0"]
[WhiteElo "2319"]
[BlackElo "2383"]
[PlyCount "67"]
[EventDate "2011.09.18"]
[EventType "team-tourn"]
[EventRounds "9"]
[EventCountry "GER"]
[SourceTitle "EXT 2015"]
[Source "ChessBase"]
[SourceDate "2014.11.20"]
[SourceVersion "1"]
[SourceVersionDate "2014.11.20"]
[SourceQuality "1"]
[WhiteTeam "Lippstadt Turm"]
[BlackTeam "Dortmund Hansa II"]
[WhiteTeamCountry "GER"]
[BlackTeamCountry "GER"]

1. Nf3 Nf6 2. g3 d5 3. Bg2 c6 4. 0-0 Bg4 5. d3 Nbd7 6. Nbd2 e5 7. h3 Bh5 8. g4 Bg6 9. Nh4 Bd6 10. e4 0-0 11. Nf5 Nc5 12. Re1 Bc7 13. Qf3 Ne6 14. Nf1 Re8 15. Bd2 Nf4 16. Rad1 h6 17. N1g3 Nh7 18. h4 Qf6 19. exd5 cxd5 20. c4 Rad8 21. cxd5 Bxf5 22. Nxf5 Nxd5 23. d4 Re6 24. Qb3 Rb6 25. dxe5 Bxe5 26. Ba5 Rxb3 27. Bxd8 Qxd8 28. Rxd5 Qb6 29. axb3 Bf6 30. Rd7 Nf8 31. Rxb7 Qc5 32. Re8 Qc1+ 33. Bf1 g6 34. Rxf8+ 1-0

[Event "NRW Class2 1112"]
[Site "Germany"]
[Date "2012.01.08"]
[Round "5.2"]
[White "Langers, Alexander"]
[Black "Matthias, Heiner"]
[Result "0-1"]
[WhiteElo "2156"]
[BlackElo "2319"]
[PlyCount "110"]
[EventDate "2011.09.18"]
[EventType "team-tourn"]
[EventRounds "9"]
[EventCountry "GER"]
[SourceTitle "EXT 2015"]
[Source "ChessBase"]
[SourceDate "2014.11.20"]
[SourceVersion "1"]
[SourceVersionDate "2014.11.20"]
[SourceQuality "1"]
[WhiteTeam "Herne Sodingen"]
[BlackTeam "Lippstadt Turm"]
[WhiteTeamCountry "GER"]
[BlackTeamCountry "GER"]

1. d4 d5 2. Nf3 c6 3. Bf4 Bf5 4. e3 e6 5. Be2 Qb6 6. Qc1 Nf6 7. 0-0 Nbd7 8. c4 Nh5 9. c5 Nxf4 10. exf4 Qc7 11. b4 Be7 12. Nc3 h6 13. Ne5 g5 14. Bh5 Nxe5 15. fxe5 0-0 16. Qe3 f6 17. f4 gxf4 18. Qxf4 fxe5 19. dxe5 Bg5 20. Qd4 b6 21. Ne2 bxc5 22. bxc5 Qa5 23. h4 Be7 24. Rac1 Rab8 25. Ng3 Rb4 26. Qc3 Bh7 27. Rxf8+ Bxf8 28. a3 Ra4 29. Qe3 Rxh4 30. Qf2 Qc7 31. Rf1 Qe7 32. Bf7+ Kh8 33. Bxe6 Qxc5 34. Bd7 Bd3 35. Rd1 Bb5 36. Bh3 Rf4 37. Qxc5 Bxc5+ 38. Kh2 Bxa3 39. Nf5 Re4 40. Nxh6 Bf8 41. Nf7+ Kg7 42. Nd6 Rxe5 43. Nxb5 cxb5 44. Bd7 b4 45. Rd3 Bc5 46. g4 Kf6 47. Kg3 a5 48. Kf4 Re4+ 49. Kf3 Ke5 50. g5 Rf4+ 51. Kg3 Bf2+ 52. Kg2 Bh4 53. g6 Bf6 54. Kg3 d4 55. Bc6 Bg7 0-1

[Event "NRW Class2 1112"]
[Site "Germany"]
[Date "2011.12.04"]
[Round "4.2"]
[White "Matthias, Heiner"]
[Black "Rosen, Bernd"]
[Result "0-1"]
[WhiteElo "2319"]
[BlackElo "2265"]
[PlyCount "92"]
[EventDate "2011.09.18"]
[EventType "team-tourn"]
[EventRounds "9"]
[EventCountry "GER"]
[SourceTitle "EXT 2015"]
[Source "ChessBase"]
[SourceDate "2014.11.20"]
[SourceVersion "1"]
[SourceVersionDate "2014.11.20"]
[SourceQuality "1"]
[WhiteTeam "Lippstadt Turm"]
[BlackTeam "Katernberg II"]
[WhiteTeamCountry "GER"]
[BlackTeamCountry "GER"]

1. Nf3 c5 2. b3 d6 3. g3 e5 4. Bb2 g6 5. c4 Bg7 6. Nc3 Ne7 7. Bg2 Nbc6 8. d3 0-0 9. 0-0 h6 10. Ne1 Be6 11. Nd5 Rb8 12. Nc2 b5 13. Nce3 a6 14. Qd2 f5 15. f4 Bf7 16. g4 exf4 17. Bxg7 Kxg7 18. Rxf4 Bxd5 19. Nxd5 Nxd5 20. cxd5 Ne5 21. gxf5 Rxf5 22. Rxf5 gxf5 23. Rf1 Qh4 24. Rxf5 Rf8 25. Rxf8 Kxf8 26. h3 b4 27. Qe3 Kg7 28. Qf2 Qxf2+ 29. Kxf2 Kf6 30. Ke3 Kf5 31. Be4+ Kg5 32. Bh7 a5 33. Ke4 Nd7 34. Kf3 Nb6 35. Bg8 a4 36. Ke3 a3 37. Kd2 Kf4 38. e3+ Ke5 39. Kc2 Na8 40. Be6 Nc7 41. e4 Nb5 42. Kb1 Nc3+ 43. Ka1 Kd4 44. h4 Ne2 45. Bh3 Nf4 46. Bf1 Ng6 0-1

[Event "NRW Class1 1011"]
[Site "Germany"]
[Date "2011.04.03"]
[Round "9.2"]
[White "Cekro, Ekrem"]
[Black "Matthias, Heiner"]
[Result "1-0"]
[WhiteElo "2381"]
[BlackElo "2389"]
[PlyCount "123"]
[EventDate "2010.09.26"]
[EventType "team-tourn"]
[EventRounds "9"]
[EventCountry "GER"]
[SourceTitle "EXT 2012"]
[Source "ChessBase"]
[SourceDate "2011.11.24"]
[SourceVersion "1"]
[SourceVersionDate "2011.11.24"]
[SourceQuality "1"]
[WhiteTeam "Wuerselen"]
[BlackTeam "Lippstadt Turm"]
[WhiteTeamCountry "GER"]
[BlackTeamCountry "GER"]

1. c4 Nf6 2. Nc3 e6 3. e4 Nc6 4. Nf3 e5 5. d4 exd4 6. Nxd4 Bb4 7. Nxc6 dxc6 8. Qxd8+ Kxd8 9. Bd2 Be6 10. a3 Bxc3 11. Bxc3 Nxe4 12. Bxg7 Re8 13. 0-0-0+ Kc8 14. Bd4 c5 15. Be3 b6 16. Bd3 Bf5 17. Bf4 Bg6 18. Rhe1 Nf6 19. Be2 Rb8 20. Bf3 Be4 21. Bxe4 Rxe4 22. Rxe4 Nxe4 23. f3 Nf6 24. g4 b5 25. cxb5 Rxb5 26. Be5 Rb6 27. g5 Nd7 28. Bc3 Re6 29. Rd5 Kd8 30. h4 Re2 31. h5 Rh2 32. h6 Ke7 33. Rd3 Nb6 34. Re3+ Kd7 35. Re5 Na4 36. Rf5 Ke7 37. Bf6+ Ke6 38. Re5+ Kd6 39. Re8 Rh1+ 40. Kc2 c4 41. Rh8 Rh2+ 42. Kc1 Rh1+ 43. Kd2 Rh2+ 44. Ke3 Nb6 45. Ke4 Nd7 46. Bc3 Ke6 47. Rxh7 Rh4+ 48. Ke3 Nb6 49. Kf2 Nd5 50. Kg3 Rh5 51. f4 Ne3 52. Rh8 Nf5+ 53. Kg2 Nh4+ 54. Kf2 Ng6 55. Re8+ Kf5 56. Kg3 Rh1 57. Re1 Rh5 58. Bg7 a6 59. Bc3 Rh4 60. Re5+ Nxe5 61. Kxh4 Ng6+ 62. Kg3 1-0

[Event "NRW Class1 1011"]
[Site "Germany"]
[Date "2010.12.19"]
[Round "4.2"]
[White "Heinzel, Olaf"]
[Black "Matthias, Heiner"]
[Result "1-0"]
[WhiteElo "2327"]
[BlackElo "2389"]
[PlyCount "129"]
[EventDate "2010.09.26"]
[EventType "team-tourn"]
[EventRounds "9"]
[EventCountry "GER"]
[SourceTitle "EXT 2012"]
[Source "ChessBase"]
[SourceDate "2011.11.24"]
[SourceVersion "1"]
[SourceVersionDate "2011.11.24"]
[SourceQuality "1"]
[WhiteTeam "Dortmund Hansa II"]
[BlackTeam "Lippstadt Turm"]
[WhiteTeamCountry "GER"]
[BlackTeamCountry "GER"]

1. d4 Nf6 2. Bg5 e6 3. Nf3 h6 4. Bh4 g5 5. Bg3 Nh5 6. Be5 f6 7. Qd3 Kf7 8. g4 Ng7 9. h4 Nc6 10. Bg3 Bd6 11. Bxd6 cxd6 12. Nbd2 d5 13. hxg5 hxg5 14. Rxh8 Qxh8 15. e4 Qd8 16. exd5 exd5 17. 0-0-0 d6 18. Qb3 Ne7 19. Be2 Qb6 20. Qe3 Bd7 21. Rh1 Ng6 22. Nb3 Nf4 23. Bd1 a5 24. Kb1 a4 25. Nc1 a3 26. b3 Re8 27. Qd2 Re4 28. c3 Qd8 29. Ne1 Bb5 30. Nc2 Qa5 31. Nb4 Re8 32. Bf3 Bd7 33. Ncd3 Nxd3 34. Bxd5+ Be6 35. Bxe6+ Rxe6 36. Qxd3 d5 37. Qf3 Re4 38. Nd3 Qd8 39. Ne5+ Ke6 40. Nd3 Kf7 41. Re1 Rxe1+ 42. Nxe1 Qd6 43. Nc2 Ne6 44. Qf5 Qa6 45. Qh7+ Kf8 46. Qh1 Nf4 47. Qd1 Kf7 48. Ne3 Kf8 49. Qd2 Kf7 50. Qc2 Kf8 51. Qd1 Kg7 52. c4 dxc4 53. bxc4 Qa5 54. Kc2 b5 55. Qb1 b4 56. Nf5+ Kg8 57. Kb3 Qa8 58. d5 Qe8 59. Qd1 Qe5 60. Qd4 Qe2 61. Qxf6 Qd1+ 62. Kxb4 Qd2+ 63. Ka4 Qc2+ 64. Ka5 Qd2+ 65. Ka6 1-0

[Event "NRW Class1 1011"]
[Site "Germany"]
[Date "2010.10.24"]
[Round "2.2"]
[White "Fiebig, Thomas"]
[Black "Matthias, Heiner"]
[Result "1-0"]
[WhiteElo "2453"]
[BlackElo "2389"]
[PlyCount "81"]
[EventDate "2010.09.26"]
[EventType "team-tourn"]
[EventRounds "9"]
[EventCountry "GER"]
[SourceTitle "EXT 2012"]
[Source "ChessBase"]
[SourceDate "2011.11.24"]
[SourceVersion "1"]
[SourceVersionDate "2011.11.24"]
[SourceQuality "1"]
[WhiteTeam "Emsdetten Turm II"]
[BlackTeam "Lippstadt Turm"]
[WhiteTeamCountry "GER"]
[BlackTeamCountry "GER"]

1. d4 Nf6 2. Nf3 c5 3. e3 e6 4. c4 cxd4 5. exd4 d5 6. Nc3 Nc6 7. a3 Be7 8. Bd3 dxc4 9. Bxc4 0-0 10. 0-0 b6 11. Bg5 Bb7 12. Qd3 Rc8 13. Rad1 Na5 14. Ba2 Nd5 15. Ne4 Bxg5 16. Nexg5 g6 17. Rfe1 Nc6 18. Qe4 Nce7 19. Qh4 h5 20. Bb1 Nf5 21. Qe4 Re8 22. Qe2 Nh4 23. g3 Nxf3+ 24. Nxf3 Nf6 25. Ne5 Kg7 26. Qd3 Rc7 27. f3 h4 28. Rc1 hxg3 29. hxg3 Nh5 30. g4 Rxc1 31. Rxc1 Qh4 32. Qd2 Qg3+ 33. Qg2 Qf4 34. Nd3 Qxd4+ 35. Qf2 Qxf2+ 36. Kxf2 Nf6 37. Rc7 Bd5 38. Ne5 Rh8 39. Rxf7+ Kg8 40. Rxf6 Rh2+ 41. Kg3 1-0

[Event "NRW Class1 1011"]
[Site "Germany"]
[Date "2010.09.26"]
[Round "1.2"]
[White "Matthias, Heiner"]
[Black "Olyschlaeger, Richard"]
[Result "1-0"]
[WhiteElo "2389"]
[BlackElo "1962"]
[PlyCount "47"]
[EventDate "2010.09.26"]
[EventType "team-tourn"]
[EventRounds "9"]
[EventCountry "GER"]
[SourceTitle "EXT 2012"]
[Source "ChessBase"]
[SourceDate "2011.11.24"]
[SourceVersion "1"]
[SourceVersionDate "2011.11.24"]
[SourceQuality "1"]
[WhiteTeam "Lippstadt Turm"]
[BlackTeam "Brackweda"]
[WhiteTeamCountry "GER"]
[BlackTeamCountry "GER"]

1. c4 e5 2. g3 d6 3. Bg2 g6 4. Nc3 Bg7 5. e3 f5 6. Nge2 Nf6 7. d4 0-0 8. 0-0 a5 9. Qb3 c6 10. Na4 Nfd7 11. Bd2 Kh8 12. Rad1 Qc7 13. Bc3 b6 14. dxe5 dxe5 15. f4 Na6 16. fxe5 Nac5 17. Nxc5 Nxc5 18. Qc2 Bd7 19. Rd6 Nb7 20. Rd2 Be8 21. Nf4 Nc5 22. Rd6 Qe7 23. Bxc6 Bxe5 24. Re6 1-0

[Event "Oberliga NRW 0809"]
[Site "Germany"]
[Date "2008.11.30"]
[Round "4.2"]
[White "Matthias, Heiner"]
[Black "Coenen, Norbert"]
[Result "1/2-1/2"]
[WhiteElo "2397"]
[BlackElo "2357"]
[PlyCount "143"]
[EventDate "2008.09.21"]
[EventType "team-tourn"]
[EventRounds "9"]
[EventCountry "GER"]
[SourceTitle "EXT 2010"]
[Source "ChessBase"]
[SourceDate "2010.11.25"]
[SourceVersion "1"]
[SourceVersionDate "2010.11.25"]
[SourceQuality "1"]
[WhiteTeam "Lippstadt Turm"]
[BlackTeam "Aachen"]
[WhiteTeamCountry "GER"]
[BlackTeamCountry "GER"]

1. Nf3 Nf6 2. g3 c5 3. Bg2 Nc6 4. d4 cxd4 5. Nxd4 g6 6. Nxc6 bxc6 7. b3 Bg7 8. Bb2 0-0 9. 0-0 Qc7 10. c4 d6 11. Nc3 Rb8 12. Qd2 Nd7 13. Na4 Bxb2 14. Nxb2 a5 15. Na4 Rb4 16. Rac1 Nc5 17. Nxc5 dxc5 18. Qe3 Qb6 19. Rc3 a4 20. Qxe7 axb3 21. axb3 Be6 22. Rfc1 Rxb3 23. Rxb3 Qxb3 24. Qxc5 Rd8 25. Bxc6 Qb2 26. Qe3 Rd2 27. Re1 Bxc4 28. Bf3 Kg7 29. h4 h6 30. h5 g5 31. Kg2 Ba6 32. Rb1 Qd4 33. Qxd4+ Rxd4 34. e3 Rd2 35. g4 Bc8 36. Kg3 Be6 37. Rb6 Ra2 38. Be4 Ra4 39. Bf3 Ra1 40. Rd6 Ra4 41. Bd1 Ra3 42. Bc2 Ra5 43. Rb6 Ra3 44. Bf5 Bc4 45. Rc6 Ra4 46. Rc7 Bd5 47. f3 Rb4 48. Rc5 Ba2 49. e4 Rb2 50. Rc6 Re2 51. f4 Re3+ 52. Kf2 gxf4 53. g5 Be6 54. g6 Ba2 55. Rc7 Kf6 56. Ra7 Bc4 57. Ra4 Bb3 58. Ra3 Rg3 59. Ra6+ Kg7 60. Ra7 Kf6 61. Ra6+ Kg7 62. Rb6 Re3 63. Rb7 Kf6 64. Rb8 Kg7 65. Re8 Ba2 66. Ra8 Bc4 67. Rc8 Bb3 68. Rc5 Ba2 69. Re5 Bb3 70. Re7 Kf6 71. Re8 Kg7 72. Re7 1/2-1/2

[Event "Oberliga NRW 0708"]
[Site "Germany"]
[Date "2008.01.13"]
[Round "5.1"]
[White "Matthias, Heiner"]
[Black "Michaelsen, Nils"]
[Result "1/2-1/2"]
[WhiteElo "2400"]
[BlackElo "2420"]
[PlyCount "104"]
[EventDate "2007.09.16"]
[EventType "team-tourn"]
[EventRounds "9"]
[EventCountry "GER"]
[SourceTitle "EXT 2009"]
[Source "ChessBase"]
[SourceDate "2008.11.26"]
[SourceVersion "1"]
[SourceVersionDate "2008.11.26"]
[SourceQuality "1"]
[WhiteTeam "Lippstadt Turm"]
[BlackTeam "KKS"]
[WhiteTeamCountry "GER"]
[BlackTeamCountry "GER"]

1. e4 c5 2. Nf3 e6 3. d4 cxd4 4. Nxd4 Nc6 5. Nxc6 bxc6 6. Bd3 Nf6 7. 0-0 d5 8. Nd2 Be7 9. b3 0-0 10. Bb2 a5 11. a4 Qb6 12. Qe2 Ba6 13. Bxa6 Qxa6 14. Qf3 Rfd8 15. Rad1 Rab8 16. Rfe1 h6 17. h3 Rb7 18. Qg3 Rbd7 19. e5 Ne8 20. Nf1 d4 21. Rd3 Bb4 22. Re4 c5 23. Bc1 c4 24. bxc4 Qxc4 25. Re2 h5 26. Qh4 Be7 27. Bg5 Bxg5 28. Qxg5 Qxa4 29. Ng3 Qb4 30. Qxh5 a4 31. Ne4 a3 32. Rb3 Qa5 33. Ng5 a2 34. Qh7+ Kf8 35. Rf3 a1Q+ 36. Kh2 Nf6 37. Rxf6 Qxe5+ 38. Rxe5 gxf6 39. Qh6+ Ke7 40. Rb5 Rd5 41. Rb7+ R5d7 42. Rxd7+ Rxd7 43. Nh7 Qa8 44. Qxf6+ Kd6 45. Qxd4+ Qd5 46. Qb4+ Qc5 47. Qxc5+ Kxc5 48. g4 Rd2 49. Kg3 Kd6 50. Ng5 Ke7 51. Ne4 Rxc2 52. g5 Rc1 1/2-1/2

[Event "NRW Class1 0607"]
[Site "Germany"]
[Date "2007.05.06"]
[Round "9.2"]
[White "Trommsdorf, Uwe"]
[Black "Matthias, Heiner"]
[Result "0-1"]
[WhiteElo "2043"]
[BlackElo "2388"]
[PlyCount "64"]
[EventDate "2006.09.17"]
[EventType "team-tourn"]
[EventRounds "9"]
[EventCountry "GER"]
[SourceTitle "EXT 2008"]
[Source "ChessBase"]
[SourceDate "2007.11.25"]
[SourceVersion "1"]
[SourceVersionDate "2007.11.25"]
[SourceQuality "1"]
[WhiteTeam "Gerling"]
[BlackTeam "Lippstadt Turm"]
[WhiteTeamCountry "GER"]
[BlackTeamCountry "GER"]

1. e4 g6 2. g3 c5 3. Bg2 Nc6 4. Ne2 Bg7 5. 0-0 Nf6 6. f4 d6 7. h3 0-0 8. d3 Rb8 9. g4 Nd7 10. Nbc3 Nd4 11. Ng3 b5 12. Nce2 b4 13. f5 Nxe2+ 14. Nxe2 Ne5 15. Be3 Nc6 16. Qc1 Nd4 17. Rf2 Nxe2+ 18. Rxe2 e6 19. Rf2 exf5 20. gxf5 Re8 21. Bg5 Bxb2 22. fxg6 hxg6 23. Qf4 Qc7 24. Raf1 Be6 25. c4 Be5 26. Qh4 b3 27. axb3 Rxb3 28. Rd2 Reb8 29. Bf3 Rb2 30. Rxb2 Rxb2 31. Bg4 d5 32. Bxe6 Bd4+ 0-1

[Event "NRW Class1 0607"]
[Site "Germany"]
[Date "2006.12.17"]
[Round "4.2"]
[White "Matthias, Heiner"]
[Black "Sandkamp, Ralph"]
[Result "1-0"]
[WhiteElo "2388"]
[BlackElo "2339"]
[PlyCount "77"]
[EventDate "2006.09.17"]
[EventType "team-tourn"]
[EventRounds "9"]
[EventCountry "GER"]
[SourceTitle "EXT 2008"]
[Source "ChessBase"]
[SourceDate "2007.11.25"]
[SourceVersion "1"]
[SourceVersionDate "2007.11.25"]
[SourceQuality "1"]
[WhiteTeam "Lippstadt Turm"]
[BlackTeam "Sodingen"]
[WhiteTeamCountry "GER"]
[BlackTeamCountry "GER"]

1. d4 Nf6 2. c4 g6 3. Nc3 Bg7 4. e4 d6 5. Nf3 0-0 6. h3 Na6 7. Bd3 e5 8. d5 Nh5 9. 0-0 Nf4 10. Bb1 f5 11. exf5 Bxf5 12. Bxf4 exf4 13. Bxf5 Rxf5 14. Qd2 Nc5 15. Rfe1 a5 16. Nb5 Qd7 17. Re2 Be5 18. Rae1 Qg7 19. Nbd4 Rh5 20. Nb3 Nd7 21. Nbd4 g5 22. Ne6 Qh6 23. Nh2 Nf6 24. f3 Rc8 25. c5 Kh8 26. Rc1 Rg8 27. cxd6 cxd6 28. Rxe5 dxe5 29. Qe2 g4 30. Nxg4 Nxg4 31. fxg4 f3 32. Qe1 Rxg4 33. hxg4 Rh1+ 34. Kf2 Qh4+ 35. g3 Rh2+ 36. Kxf3 Qf6+ 37. Ke3 h6 38. Rc8+ Kh7 39. Qb1+ 1-0

[Event "NRW Class1 0607"]
[Site "Germany"]
[Date "2006.10.29"]
[Round "2.1"]
[White "Kniest, Oliver"]
[Black "Matthias, Heiner"]
[Result "1/2-1/2"]
[WhiteElo "2262"]
[BlackElo "2388"]
[PlyCount "120"]
[EventDate "2006.09.17"]
[EventType "team-tourn"]
[EventRounds "9"]
[EventCountry "GER"]
[SourceTitle "EXT 2007"]
[Source "ChessBase"]
[SourceDate "2006.11.23"]
[SourceVersion "1"]
[SourceVersionDate "2006.11.23"]
[SourceQuality "1"]
[WhiteTeam "Solingen III"]
[BlackTeam "Lippstadt Turm"]
[WhiteTeamCountry "GER"]
[BlackTeamCountry "GER"]

1. d4 d6 2. c4 e5 3. d5 Be7 4. e4 Nd7 5. Nf3 Nc5 6. Qc2 a5 7. Be3 Nh6 8. Bxc5 dxc5 9. Nxe5 0-0 10. Bd3 f5 11. Nd2 Bd6 12. Nef3 Ng4 13. h3 Ne5 14. Nxe5 Bxe5 15. exf5 Ra6 16. 0-0 Rb6 17. Rab1 g6 18. Rfe1 Bg7 19. Nb3 Qd6 20. Nxa5 gxf5 21. b4 Rxb4 22. Rxb4 cxb4 23. Nb3 Kh8 24. Qe2 Bc3 25. Rd1 b6 26. Bc2 Bd7 27. Nd4 Re8 28. Qd3 Re4 29. Nb5 Bxb5 30. cxb5 Qe5 31. Qf3 Rf4 32. Qe3 Kg7 33. Qxe5+ Bxe5 34. g3 Rf3 35. Kg2 Ra3 36. Bb3 Ra5 37. Bc4 Ra3 38. Rd2 Rc3 39. Bd3 f4 40. Kf3 fxg3 41. fxg3 h5 42. h4 Kf6 43. g4 hxg4+ 44. Kxg4 b3 45. axb3 Rxb3 46. Rf2+ Kg7 47. Rf3 Bd6 48. Kf5 Rb4 49. Rh3 Rf4+ 50. Ke6 Rf7 51. h5 Re7+ 52. Kf5 Re5+ 53. Kg4 Kh6 54. Bf5 Rxd5 55. Re3 Be5 56. Bd3 Rd4+ 57. Re4 Rxd3 58. Rxe5 Rd4+ 59. Kf3 Rh4 60. Ke3 Rc4 1/2-1/2

[Event "Oberliga NRW 0506"]
[Site "Germany"]
[Date "2006.04.02"]
[Round "8.1"]
[White "Roese, Oliver"]
[Black "Matthias, Heiner"]
[Result "0-1"]
[WhiteElo "2374"]
[BlackElo "2369"]
[PlyCount "116"]
[EventDate "2005.09.25"]
[EventType "team-tourn"]
[EventRounds "9"]
[EventCountry "GER"]
[SourceTitle "EXT 2007"]
[Source "ChessBase"]
[SourceDate "2006.11.23"]
[SourceVersion "1"]
[SourceVersionDate "2006.11.23"]
[SourceQuality "1"]
[WhiteTeam "Koeln SF"]
[BlackTeam "Lippstadt Turm"]
[WhiteTeamCountry "GER"]
[BlackTeamCountry "GER"]

1. Nf3 c5 2. c4 b6 3. e4 Bb7 4. Nc3 g6 5. d4 cxd4 6. Nxd4 Bg7 7. Be2 Nc6 8. Be3 Nf6 9. 0-0 0-0 10. f3 Nxd4 11. Bxd4 Nh5 12. Be3 Bxc3 13. bxc3 Qc7 14. f4 Ng7 15. Bd3 f6 16. f5 g5 17. h4 h6 18. Rb1 e6 19. hxg5 hxg5 20. Qg4 exf5 21. Rxf5 d5 22. Rxd5 Bxd5 23. exd5 Rae8 24. Qh3 f5 25. c5 g4 26. Qh6 Qg3 27. Bd4 Rf7 28. Qd2 bxc5 29. Bxc5 Qh4 30. Bb5 Rc8 31. Bd4 Nh5 32. d6 Ng3 33. Re1 Qh1+ 34. Kf2 Ne4+ 35. Rxe4 fxe4+ 36. Kg3 Qh5 37. Ba4 Qg6 38. Bb3 Qxd6+ 39. Kh4 Qe7+ 40. Kxg4 Kh7 41. Bxf7 Qxf7 42. Kh3 Qh5+ 43. Kg3 Rg8+ 44. Kf2 Qh2 45. Kf1 Qh1+ 46. Ke2 Qxg2+ 47. Kd1 Qf1+ 48. Qe1 Qxe1+ 49. Kxe1 a6 50. Kf2 Kg6 51. Ke3 Kf5 52. Bb6 Rg6 53. Ba7 Rg3+ 54. Kd4 Rg2 55. a3 Kf4 56. c4 Rd2+ 57. Kc3 Rd3+ 58. Kb4 e3 0-1

[Event "Oberliga NRW 0506"]
[Site "Germany"]
[Date "2006.01.08"]
[Round "5.1"]
[White "Matthias, Heiner"]
[Black "Koch, Thomas"]
[Result "1/2-1/2"]
[WhiteElo "2369"]
[BlackElo "2417"]
[PlyCount "32"]
[EventDate "2005.09.25"]
[EventType "team-tourn"]
[EventRounds "9"]
[EventCountry "GER"]
[SourceTitle "EXT 2007"]
[Source "ChessBase"]
[SourceDate "2006.11.23"]
[SourceVersion "1"]
[SourceVersionDate "2006.11.23"]
[SourceQuality "1"]
[WhiteTeam "Lippstadt Turm"]
[BlackTeam "Aachen"]
[WhiteTeamCountry "GER"]
[BlackTeamCountry "GER"]

1. e4 c5 2. Nc3 Nc6 3. Nge2 Nd4 4. Nxd4 cxd4 5. Ne2 Nf6 6. e5 Ng4 7. Nxd4 Nxe5 8. b3 d6 9. Bb5+ Bd7 10. Bxd7+ Nxd7 11. 0-0 e6 12. Bb2 Nf6 13. Qf3 Qd7 14. Rae1 Be7 15. c4 0-0 16. d3 Rfd8 1/2-1/2

[Event "NRW Class1 0405"]
[Site "Germany"]
[Date "2005.01.30"]
[Round "6.2"]
[White "Matthias, Heiner"]
[Black "Lupor, Stefan"]
[Result "0-1"]
[WhiteElo "2372"]
[BlackElo "2240"]
[PlyCount "84"]
[EventDate "2004.10.10"]
[EventType "team"]
[EventRounds "9"]
[EventCountry "GER"]
[SourceTitle "EXT 2006"]
[Source "ChessBase"]
[SourceDate "2005.11.24"]
[SourceVersion "1"]
[SourceVersionDate "2005.11.24"]
[SourceQuality "1"]
[WhiteTeam "Lippstadt Turm"]
[BlackTeam "Gerresheim II"]
[WhiteTeamCountry "GER"]
[BlackTeamCountry "GER"]

1. c4 c6 2. Nf3 d5 3. e3 Nf6 4. b3 Bg4 5. Bb2 e6 6. Be2 Nbd7 7. 0-0 Be7 8. d3 0-0 9. Nbd2 a5 10. a3 Qb6 11. h3 Bh5 12. Qc2 h6 13. Bc3 Rfc8 14. Qb2 Qd8 15. b4 axb4 16. axb4 Rxa1 17. Rxa1 Ra8 18. Bf1 Qf8 19. c5 Bxf3 20. gxf3 Qb8 21. f4 b6 22. d4 g5 23. fxg5 hxg5 24. b5 Rxa1 25. Qxa1 cxb5 26. c6 b4 27. Bb2 Nf8 28. Nf3 Ne8 29. Ne5 Nc7 30. Qc1 Qe8 31. e4 f6 32. Ng4 dxe4 33. d5 exd5 34. Bxf6 Nfe6 35. Qa1 Qf8 36. Qe5 b3 37. h4 gxh4 38. Bh3 b2 39. Qxb2 Nf4 40. Bf1 Bxf6 41. Nxf6+ Kf7 42. Qxb6 Qg7+ 0-1